UK National Parks Quiz Stats

 Plays Quiz Updated Aug 23, 2020

Support Sporcle.
Go Orange.
Score 0/15 Timer 03:00
4 Plays Today
Founded National Park % Correct
1951Lake District
89.6%
1951Peak District
81.6%
1951Snowdonia
70.5%
1951Dartmoor
68.9%
1954Exmoor
62.9%
2005New Forest
59.2%
1954Yorkshire Dales
53.4%
1952North York Moors
53.3%
Founded National Park % Correct
1957Brecon Beacons
51.5%
2011South Downs
45.9%
1988Broads
38.2%
2003Cairngorms
37.1%
1952Pembrokeshire Coast
33.3%
1956Northumberland
30.6%
2002Loch Lomond and the Trossachs
26.7%

From the Vault

Supreme Leaders of North Korea

by Senefleder

History 45s
You just have to remember three answers here.
Remove Ads.
Support Sporcle.
Get the best of Sporcle when you Go Orange. This ad-free experience offers more features, more stats, and more fun while also helping to support Sporcle. Thank you for becoming a member.

Show Comments

Extras

Top Quizzes Today


Score Distribution

Your Account Isn't Verified!

In order to create a playlist on Sporcle, you need to verify the email address you used during registration. Go to your Sporcle Settings to finish the process.

Report this User

Report this user for behavior that violates our Community Guidelines.

Details: